<?xml version="1.0" encoding="UTF-8"?><marc:collection xmlns:marc="http://www.loc.gov/MARC21/slim">
  <marc:record>
    <marc:leader>00000cam  2200000zi 4500</marc:leader>
    <marc:controlfield tag="001">9.955415</marc:controlfield>
    <marc:controlfield tag="003">CaOODSP</marc:controlfield>
    <marc:controlfield tag="005">20251209111950</marc:controlfield>
    <marc:controlfield tag="006">m     o  d f      </marc:controlfield>
    <marc:controlfield tag="007">cr mn|||||||||</marc:controlfield>
    <marc:controlfield tag="008">250917e202511##oncab   ob   f000 0 fre d</marc:controlfield>
    <marc:datafield tag="020" ind1=" " ind2=" ">
      <marc:subfield code="a">9780660790046</marc:subfield>
    </marc:datafield>
    <marc:datafield tag="040" ind1=" " ind2=" ">
      <marc:subfield code="a">CaOODSP</marc:subfield>
      <marc:subfield code="b">fre</marc:subfield>
      <marc:subfield code="e">rda</marc:subfield>
      <marc:subfield code="c">CaOODSP</marc:subfield>
    </marc:datafield>
    <marc:datafield tag="043" ind1=" " ind2=" ">
      <marc:subfield code="a">n-cn-ns</marc:subfield>
      <marc:subfield code="a">ln-----</marc:subfield>
    </marc:datafield>
    <marc:datafield tag="045" ind1=" " ind2=" ">
      <marc:subfield code="a">x9y2</marc:subfield>
    </marc:datafield>
    <marc:datafield tag="086" ind1="1" ind2=" ">
      <marc:subfield code="a">Fs70-5/2025-066F-PDF</marc:subfield>
    </marc:datafield>
    <marc:datafield tag="100" ind1="1" ind2=" ">
      <marc:subfield code="a">Keith, David M., </marc:subfield>
      <marc:subfield code="e">auteur.</marc:subfield>
    </marc:datafield>
    <marc:datafield tag="245" ind1="1" ind2="0">
      <marc:subfield code="a">Cadre d'évaluation des stocks pour les zones de pêche du pétoncle (ZPP) 25, 26 et 27B : </marc:subfield>
      <marc:subfield code="b">modèles d'évaluation des stocks pour les ZPP 25A et 26A / </marc:subfield>
      <marc:subfield code="c">Keith, D.M., Keyser, F., McDonald, R., Pearo Drew, T., Sameoto, J.A.</marc:subfield>
    </marc:datafield>
    <marc:datafield tag="264" ind1=" " ind2="1">
      <marc:subfield code="a">Ottawa (Ontario) : </marc:subfield>
      <marc:subfield code="b">Secrétariat canadien de consultation scientifique (SCCS), </marc:subfield>
      <marc:subfield code="c">novembre 2025.</marc:subfield>
    </marc:datafield>
    <marc:datafield tag="264" ind1=" " ind2="4">
      <marc:subfield code="c">©2025</marc:subfield>
    </marc:datafield>
    <marc:datafield tag="300" ind1=" " ind2=" ">
      <marc:subfield code="a">1 ressource en ligne (v, 126 pages) : </marc:subfield>
      <marc:subfield code="b">illustrations (principalement en couleur), cartes en couleur.</marc:subfield>
    </marc:datafield>
    <marc:datafield tag="336" ind1=" " ind2=" ">
      <marc:subfield code="a">texte</marc:subfield>
      <marc:subfield code="b">txt</marc:subfield>
      <marc:subfield code="2">rdacontent/fre</marc:subfield>
    </marc:datafield>
    <marc:datafield tag="337" ind1=" " ind2=" ">
      <marc:subfield code="a">informatique</marc:subfield>
      <marc:subfield code="b">c</marc:subfield>
      <marc:subfield code="2">rdamedia/fre</marc:subfield>
    </marc:datafield>
    <marc:datafield tag="338" ind1=" " ind2=" ">
      <marc:subfield code="a">ressource en ligne</marc:subfield>
      <marc:subfield code="b">cr</marc:subfield>
      <marc:subfield code="2">rdacarrier/fre</marc:subfield>
    </marc:datafield>
    <marc:datafield tag="490" ind1="1" ind2=" ">
      <marc:subfield code="a">Document de recherche, </marc:subfield>
      <marc:subfield code="x">2292-4272 ; </marc:subfield>
      <marc:subfield code="v">2025/066</marc:subfield>
    </marc:datafield>
    <marc:datafield tag="500" ind1=" " ind2=" ">
      <marc:subfield code="a">Publié aussi en anglais sous le titre : Stock assessment framework for scallop fishing areas 25, 26, and 27B: stock assessment models for SFAs 25A and 26A.</marc:subfield>
    </marc:datafield>
    <marc:datafield tag="504" ind1=" " ind2=" ">
      <marc:subfield code="a">Comprend des références bibliographiques (pages 20-21).</marc:subfield>
    </marc:datafield>
    <marc:datafield tag="520" ind1="3" ind2=" ">
      <marc:subfield code="a">« Le présent document de recherche se concentre sur l'élaboration de nouvelles méthodologies d'évaluation des stocks dans la zone de pêche du pétoncle (ZPP) 25A (banc de l'île de Sable) et la ZPP 26A (secteur nord du banc de Brown). Un modèle bayésien état-espace (MBEE) à différences retardées a été utilisé pour évaluer l'état de la ZPP 26A pendant plus d'une décennie, mais aucun modèle analytique n'a été mis en œuvre pour la ZPP 25A. Une version modifiée du MBEE actuellement utilisé dans le cadre des évaluations de la ZPP 26A est utilisée pour modéliser la dynamique des populations de ces deux stocks. En outre, la dynamique des populations de ces deux stocks est modélisée à l'aide d'un modèle d'évaluation spatialement explicite (MESE); ce modèle tire parti des progrès de la puissance informatique et de l'élaboration de nouvelles méthodes statistiques, tout en conservant le même cadre conceptuel de dynamique de population à différences retardées. Dans l'ensemble, les deux cadres de modélisation ont donné des résultats largement semblables, mais il y a eu des différences dans les paramètres de productivité entre les modèles; ces différences étaient plus notables dans la ZPP 25A. Le taux d'exploitation dans la ZPP 25A a été faible tout au long de la période couverte par le modèle et la pêche semble avoir eu peu d'incidence sur la dynamique du stock. Dans la ZPP 26A, des signes indiquaient que la pêche avait des répercussions sur la dynamique du stock; la biomasse des pétoncles pleinement recrutés a généralement diminué lorsque le taux d'exploitation a dépassé environ 10 %. Pour les deux stocks, les profils rétrospectifs ont indiqué que les prévisions de la biomasse des pétoncles pleinement recrutés n'étaient pas fortement influencées par l'inclusion d'années supplémentaires de données. Les analyses de l'erreur de processus, des résidus et, pour le MESE, des champs aléatoires ont indiqué que la composante de ces modèles relative au processus avait tendance à surestimer la biomasse des pétoncles pleinement recrutés au cours des dernières années, mais que les modèles étaient largement en mesure de compenser cette situation grâce à leurs structures d'erreur. Les résultats de l'évaluation des prévisions ont indiqué que les paramétrages par défaut pour les projections sur un an de la biomasse des pétoncles pleinement recrutés avaient tendance à surestimer la biomasse réelle, mais que ce biais pouvait être considérablement réduit par l'utilisation de méthodes reposant sur des hypothèses différentes concernant la productivité des stocks. Dans l'ensemble, les résultats indiquent que, pour les deux stocks, le MBEE et le MESE fournissent des approches raisonnables pour modéliser la dynamique du stock compte tenu des données disponibles, et que l'une ou l'autre de ces approches pourrait être utilisée pour fournir des avis scientifiques. Dans la ZPP 25A, nous recommandons d'utiliser le MBEE pour fournir des avis scientifiques avec la méthode sans croissance des pétoncles pleinement recrutés pour les projections. Dans la ZPP 26A, nous recommandons d'utiliser le MESE pour fournir des avis scientifiques avec la méthode de l'année précédente pour les projections » -- Résumé, page v.</marc:subfield>
    </marc:datafield>
    <marc:datafield tag="650" ind1=" " ind2="6">
      <marc:subfield code="a">Pétoncles</marc:subfield>
      <marc:subfield code="x">Pêche commerciale</marc:subfield>
      <marc:subfield code="z">Néo-écossaise, Plateforme.</marc:subfield>
    </marc:datafield>
    <marc:datafield tag="650" ind1=" " ind2="6">
      <marc:subfield code="a">Ressources halieutiques</marc:subfield>
      <marc:subfield code="x">Évaluation</marc:subfield>
      <marc:subfield code="z">Néo-écossaise, Plateforme</marc:subfield>
      <marc:subfield code="x">Modèles mathématiques.</marc:subfield>
    </marc:datafield>
    <marc:datafield tag="650" ind1=" " ind2="6">
      <marc:subfield code="a">Mollusques</marc:subfield>
      <marc:subfield code="x">Populations</marc:subfield>
      <marc:subfield code="z">Néo-écossaise, Plateforme</marc:subfield>
      <marc:subfield code="x">Modèles mathématiques.</marc:subfield>
    </marc:datafield>
    <marc:datafield tag="710" ind1="2" ind2=" ">
      <marc:subfield code="a">Secrétariat canadien de consultation scientifique, </marc:subfield>
      <marc:subfield code="e">organisme de publication.</marc:subfield>
    </marc:datafield>
    <marc:datafield tag="710" ind1="1" ind2=" ">
      <marc:subfield code="a">Canada. </marc:subfield>
      <marc:subfield code="b">Ministère des pêches et des océans. </marc:subfield>
      <marc:subfield code="b">Région des Maritimes, </marc:subfield>
      <marc:subfield code="e">organisme de publication.</marc:subfield>
    </marc:datafield>
    <marc:datafield tag="775" ind1="0" ind2="8">
      <marc:subfield code="t">Stock assessment framework for scallop fishing areas 25, 26, and 27B : </marc:subfield>
      <marc:subfield code="w">(CaOODSP)9.955413</marc:subfield>
    </marc:datafield>
    <marc:datafield tag="830" ind1="#" ind2="0">
      <marc:subfield code="a">Document de recherche (Secrétariat canadien de consultation scientifique)</marc:subfield>
      <marc:subfield code="v">2025/066.</marc:subfield>
      <marc:subfield code="w">(CaOODSP)9.503788</marc:subfield>
    </marc:datafield>
    <marc:datafield tag="856" ind1="4" ind2="0">
      <marc:subfield code="q">PDF</marc:subfield>
      <marc:subfield code="s">29.50 Mo</marc:subfield>
      <marc:subfield code="u">https://publications.gc.ca/collections/collection_2025/mpo-dfo/fs70-5/Fs70-5-2025-066-fra.pdf</marc:subfield>
    </marc:datafield>
  </marc:record>
</marc:collection>
